Normal view
MARC view
Entry Personal Name
001 - CONTROL NUMBER
- control field: 1059984
003 - CONTROL NUMBER IDENTIFIER
- control field: OSt
005 - DATE AND TIME OF LATEST TRANSACTION
- control field: 20260121170120.0
008 - FIXED-LENGTH DATA ELEMENTS
- fixed length control field: 260121|| aca||aabn | a|a d
040 ## - CATALOGING SOURCE
- Original cataloging agency: OSt
- Transcribing agency: OSt
100 ## - HEADING--PERSONAL NAME
- Personal name: Évelyne Barbin, Jean-Paul Guichard, Marc Moyon, Patrick Guyot, Catherine Morice-Singh, Frédéric Métin, Martine Bühler, Dominique Tournès, Renaud Chorlay, Gérard Hamon
670 ## - SOURCE DATA FOUND
- Source citation: Work cat.: (OSt)1625713: Évelyne Barbin, Jean-Paul Guichard, Marc Moyon, Patrick Guyot, Catherine Morice-Singh, Frédéric Métin, Martine Bühler, Dominique Tournès, Renaud Chorlay, Gérard Hamon, Let History into the Mathematics Classroom
